[Event "VIE-ch U17 Girls"]
[Site "Ho Chi Minh City"]
[Date "2022.07.16"]
[Round "8"]
[White "Nguyen, Thi Ha Phuong"]
[Black "Bui, Ngoc Phuong Nghi"]
[Result "1-0"]
[WhiteElo "2089"]
[BlackElo "2085"]
[PlyCount "39"]
[EventDate "2022.07.11"]
[EventType "swiss"]
[EventRounds "9"]
[EventCountry "VIE"]
[SourceTitle "EXT 2023"]
[Source "ChessBase"]
[SourceDate "2022.10.05"]
[SourceVersion "1"]
[SourceVersionDate "2022.10.05"]
[SourceQuality "1"]

1. e4 c5 2. Nf3 d6 3. d4 cxd4 4. Nxd4 a6 5. Nc3 Nf6 6. Be3 g6 7. Bd3 Bg7 8. 0-0 0-0 9. h3 b5 10. a3 Bb7 11. Qd2 Nbd7 12. Bh6 Nc5 13. Rfe1 Rc8 14. Rad1 Qb6 15. Qg5 Nxd3 16. Rxd3 Bxh6 17. Qxh6 Rc4 18. Nf5 gxf5 19. Rg3+ Ng4 20. hxg4 1-0

[Event "VIE-ch U17 Girls"]
[Site "Hanoi"]
[Date "2022.06.15"]
[Round "7"]
[White "Luu, Ha Bich Ngoc"]
[Black "Nguyen, Thi Ha Phuong"]
[Result "0-1"]
[WhiteElo "2079"]
[BlackElo "2076"]
[PlyCount "72"]
[EventDate "2022.06.11"]
[EventType "swiss"]
[EventRounds "7"]
[EventCountry "VIE"]
[SourceTitle "EXT 2023"]
[Source "ChessBase"]
[SourceDate "2022.10.05"]
[SourceVersion "1"]
[SourceVersionDate "2022.10.05"]
[SourceQuality "1"]

1. d4 d5 2. Nf3 Nf6 3. c4 c6 4. e3 e6 5. Nc3 Be7 6. Bd3 0-0 7. 0-0 b6 8. cxd5 exd5 9. Qc2 Na6 10. a3 Nc7 11. e4 Ba6 12. Re1 Bxd3 13. Qxd3 dxe4 14. Nxe4 Ne6 15. Neg5 Nxg5 16. Bxg5 h6 17. Bh4 Rc8 18. Rad1 Nd5 19. Bxe7 Nxe7 20. Ne5 Qd5 21. Qg3 Rcd8 22. Ng4 Ng6 23. h4 Qh5 24. Ne5 Nxe5 25. Qxe5 Qxh4 26. Re4 Qg5 27. Qxg5 hxg5 28. Rc1 Rd6 29. Re7 Rxd4 30. Rxc6 Rd1+ 31. Kh2 Rd2 32. Kg3 Rxb2 33. Rxa7 Kh7 34. f3 f6 35. Rb7 Rb3 36. Rcc7 Rg8 0-1

[Event "VIE-ch U17 Girls"]
[Site "Hanoi"]
[Date "2022.06.15"]
[Round "6"]
[White "Nguyen, Thi Ha Phuong"]
[Black "Nguyen, Thi Thuy Quyen"]
[Result "1-0"]
[WhiteElo "2076"]
[BlackElo "2075"]
[PlyCount "125"]
[EventDate "2022.06.11"]
[EventType "swiss"]
[EventRounds "7"]
[EventCountry "VIE"]
[SourceTitle "EXT 2023"]
[Source "ChessBase"]
[SourceDate "2022.10.05"]
[SourceVersion "1"]
[SourceVersionDate "2022.10.05"]
[SourceQuality "1"]

1. e4 c5 2. Nf3 d6 3. d4 cxd4 4. Nxd4 e5 5. Bb5+ Bd7 6. Bxd7+ Qxd7 7. Nf3 Qg4 8. Qd5 Nf6 9. Qxb7 Qxe4+ 10. Qxe4 Nxe4 11. Ng5 Nxg5 12. Bxg5 h6 13. Be3 Nc6 14. Nc3 Be7 15. Nd5 0-0 16. 0-0 f5 17. f4 e4 18. Rad1 Rfd8 19. Rd2 Kf7 20. Rfd1 Rd7 21. h3 Rg8 22. g4 g5 23. Nxe7 Kxe7 24. fxg5 fxg4 25. gxh6 gxh3+ 26. Kh2 Ne5 27. Kxh3 Nc4 28. Rd4 d5 29. Bc1 Ke6 30. b3 Ne5 31. c4 Rf7 32. cxd5+ Kd7 33. Rxe4 Rf3+ 34. Kh4 Rf2 35. Rh1 Rf5 36. Rh3 Nf3+ 37. Rxf3 Rxf3 38. Rg4 Rh8 39. Rg7+ Kd6 40. Rxa7 Kxd5 41. Kh5 Rh3+ 42. Kg6 Rg8+ 43. Kh7 Rg1 44. Bb2 Rg2 45. Bg7 Kc6 46. Kh8 Rd2 47. Ra8 Rhh2 48. h7 Rxa2 49. Rxa2 Rxa2 50. Kg8 Rh2 51. h8Q Rxh8+ 52. Bxh8 Kc5 53. Bc3 Kd5 54. Kf7 Kd6 55. Kf6 Kd5 56. Kf5 Kc5 57. Ke4 Kb5 58. Kd5 Kb6 59. Kd6 Kb5 60. Kd5 Kb6 61. Kc4 Kc6 62. Bd4 Kb7 63. Kb5 1-0

[Event "VIE-ch U17 Girls"]
[Site "Hanoi"]
[Date "2022.06.13"]
[Round "3"]
[White "Nguyen, Thi Ha Phuong"]
[Black "Vu, Bui Thi Thanh Van"]
[Result "0-1"]
[WhiteElo "2076"]
[BlackElo "2071"]
[PlyCount "100"]
[EventDate "2022.06.11"]
[EventType "swiss"]
[EventRounds "7"]
[EventCountry "VIE"]
[SourceTitle "EXT 2023"]
[Source "ChessBase"]
[SourceDate "2022.10.05"]
[SourceVersion "1"]
[SourceVersionDate "2022.10.05"]
[SourceQuality "1"]

1. e4 e6 2. d4 d5 3. exd5 exd5 4. Nf3 Bg4 5. Be2 Bd6 6. 0-0 Ne7 7. h3 Bh5 8. Ne5 Bxe2 9. Qxe2 0-0 10. b3 c6 11. c4 Nd7 12. Ba3 Bxa3 13. Nxa3 Qc7 14. Rfe1 Nf6 15. Nc2 Rad8 16. Rad1 Rfe8 17. Ng4 Ne4 18. Ne5 Ng6 19. Nxg6 hxg6 20. Qf3 Re6 21. cxd5 cxd5 22. Ne3 Qa5 23. Ra1 Rf6 24. Qg4 Nxf2 25. Qe2 Re8 26. Rac1 Ne4 27. Rf1 Ng3 28. Qd3 Nxf1 29. Rxf1 Rxf1+ 30. Kxf1 Qd8 31. Ng4 Qg5 32. Qc3 Qf4+ 33. Kg1 Kh7 34. Ne5 f6 35. Ng4 Qe4 36. Qc5 Qf4 37. Qc3 b6 38. a4 Qe4 39. Kh2 Re7 40. b4 Qf4+ 41. Kg1 Rc7 42. g3 Rxc3 43. gxf4 Rc4 44. Ne3 Rxd4 45. a5 Kg8 46. axb6 axb6 47. Kg2 Kf7 48. Kg3 Ke6 49. b5 Rd3 50. Kf2 Rb3 0-1

[Event "VIE-ch U17 Girls"]
[Site "Hanoi"]
[Date "2022.06.12"]
[Round "2"]
[White "Nguyen, Thi Ha Phuong"]
[Black "Bui, Ngoc Phuong Nghi"]
[Result "1-0"]
[WhiteElo "2076"]
[BlackElo "2081"]
[PlyCount "93"]
[EventDate "2022.06.11"]
[EventType "swiss"]
[EventRounds "7"]
[EventCountry "VIE"]
[SourceTitle "EXT 2023"]
[Source "ChessBase"]
[SourceDate "2022.10.05"]
[SourceVersion "1"]
[SourceVersionDate "2022.10.05"]
[SourceQuality "1"]

1. e4 c6 2. Nf3 d5 3. exd5 cxd5 4. d4 Nf6 5. Bd3 g6 6. 0-0 Bf5 7. Bxf5 gxf5 8. Qd3 e6 9. Re1 Ne4 10. b3 Nd7 11. c4 dxc4 12. bxc4 Qc7 13. Ng5 Qa5 14. Re2 Nxg5 15. Bxg5 Bg7 16. Nd2 0-0 17. Qg3 Kh8 18. Nb3 Qa6 19. Rc1 Rac8 20. Rec2 Nf6 21. f3 Rg8 22. Qh4 Nd7 23. Be3 Qa3 24. c5 Nf6 25. Bh6 Nd5 26. Bxg7+ Rxg7 27. Rd2 a5 28. Qe1 a4 29. Na5 Nf4 30. Rcc2 Qxf3 31. Kh1 Qd5 32. Qe3 Rg4 33. h3 Rh4 34. Kh2 Ng6 35. Rb2 Re4 36. Qf2 Rf4 37. Qe3 Re4 38. Qf2 Rc7 39. Rb6 Rd7 40. Rb4 Rf4 41. Qe3 e5 42. Rxb7 Rxd4 43. Rxd4 Qxd4 44. Qxd4 Rxd4 45. c6 Rd5 46. c7 Ne7 47. Nc6 1-0